| 000 | 01268nam a2200241 a 4500 | ||
|---|---|---|---|
| 001 | 000745008 | ||
| 003 | AM-YeHGA | ||
| 005 | 20250617143447.0 | ||
| 008 | 100622s1985 ||| r 000 0 rus d | ||
| 040 | _aAM-YeHGA | ||
| 041 | 0 | _arus | |
| 245 | 0 | 0 |
_aТермодинамические свойства расплавов солевых систем : _bСправочное пособие / _cБ.Ф. Марков, С.В. Волков, В.Д. Присяжный и др.; Отв. ред.: А.В. Городыский; АН УССР, Ин-т общ. и неорган. химии. |
| 260 |
_aКиев : _bНаук. думка, _c1985. |
||
| 300 | _a170 с. | ||
| 500 | _aАвт. указаны на обороте тит. л. | ||
| 504 | _aБиблиогр.: с. 160-165 | ||
| 653 | 0 | _aСоли расплавленные - Термодинамические свойства - - Справочники | |
| 653 | 0 | _aСправочники - Соли расплавленные - Термодинамические свойства | |
| 700 | 1 | _aМарков, Борис Федорович | |
| 710 | 2 | _aАкадемия наук УССР | |
| 710 | 2 | _aИнститут общей и неорганической химии АН УССР | |
| 090 | _c277018 | ||
| 999 |
_c275372 _d275372 |
||